|
|
|
|
| LEADER |
00000nam a2200000 a 4500 |
| 001 |
vtls008364539 |
| 003 |
SK-MaSNL |
| 005 |
20260301225347.0 |
| 008 |
251124s1933 xo slo |
| 015 |
|
|
|a SKSNBA19191938-000608
|
| 035 |
|
|
|a SK01SNKBSKHR20010056756
|
| 035 |
|
|
|a SKM000059219
|
| 040 |
|
|
|a SNK
|b slo
|c SNK
|e AACR2
|
| 041 |
1 |
|
|a slo
|
| 044 |
|
|
|a xo
|
| 080 |
|
|
|a 82-3
|2 1981
|
| 100 |
1 |
|
|a Bianki, Vitalij Valentinovič,
|d 1894-1959
|4 aut
|9 176965
|
| 245 |
1 |
0 |
|a Na slobode a v nevoli
|c Vitalij Bianki ; prel. H. Vasiliev [=R. Klačko ; ilustr. K. Ondreička
|
| 260 |
|
|
|a Martin
|b Matica slovenská
|c 1933
|e Martin
|f Kníhtlačiarsky účastinársky spolok
|
| 300 |
|
|
|a 80, [4] s.
|c 8°
|
| 490 |
0 |
|
|a Dobré slovo
|v zv. 26
|
| 563 |
|
|
|a 2500 ex.
|
| 650 |
0 |
7 |
|a literatúra
|2 SNK
|9 1427
|
| 655 |
|
7 |
|a umelecká literatúra
|2 SNKPH
|9 60405
|
| 700 |
1 |
|
|a Klačko, Rudolf,
|d 1892-1975
|4 trl
|9 101063
|
| 700 |
1 |
|
|a Ondreička, Karol
|4 ill
|9 277409
|
| 830 |
|
0 |
|a Dobré slovo
|9 277607
|
| 852 |
|
|
|a Slovenská národná knižnica v Martine
|b 10000
|h MS SD 2857/26
|
| 852 |
|
|
|a Univerzitná knižnica v Bratislave
|b 300000
|h SF 1878
|
| 958 |
|
|
|a RK
|
| 958 |
|
|
|a TL
|
| 999 |
|
|
|c 950599
|d 952529
|
| 952 |
|
|
|a SNK
|b SNK
|y VYP
|7 0
|p 17A0500902
|o snkSD 2857/26 D2
|i snkF 2865/65
|8 5
|0 0
|1 0
|4 0
|d 2006-03-22
|l 0
|r 2026-02-24 09:47:03
|w 2026-02-24
|
| 952 |
|
|
|a SNK
|b SNK
|y VYP
|7 0
|p 17A0335251
|o snkSD 2857/26 D1
|0 0
|1 0
|4 0
|d 2002-02-25
|l 0
|r 2005-01-02 00:00:00
|w 2026-02-24
|
| 952 |
|
|
|a SNKLM
|b SNKLM
|y NEVYP
|7 0
|o snklmDK 7382
|i snklm2023/39
|8 3
|g 14.40
|0 0
|1 0
|4 0
|d 2024-01-18
|l 0
|r 2026-02-24 09:47:03
|w 2026-02-24
|